Parole che iniziano con la "X" - Statistics

Statistiche generali
  • Questo quiz è stato fatto 236 volte
  • Il punteggio medio è 8 su 15
Statistiche sulle risposte
INDIZIO RISPOSTA % Corretto
Strumento musicale spesso confuso con il vibrafono Xilofono
99%
Extra extra large XXL
98%
I giudici di questo talent nel 2022 erano: Ambra Angiolini, Rkomi, Dargen D'Amico e Fedez X Factor
90%
57esimo elemento della tavola periodica usato nei flash delle fotocamere Xenon
82%
La paura dello straniero ed in generale ciò che viene dall'estero Xenofobia
72%
La X seguita da questa lettera compone una faccina che ride XD
70%
Wolverine e ciclope sono due _____ X-men
67%
Azienda cinese che lavora nel campo dell'elettronica e produce smartphone Xiaomi
60%
Baci e abbracci XOXO
51%
Programma che trattava di casi dell'FBI irrisolti ritenuti paranormali X-files
40%
Granit _____, centrocampista dell'Arsenal Xhaka
37%
Attuale presidente della Cina Xi Jinping
36%
Band statunitense che ha fatto la canzone "Renegades" X Ambassadors
17%
Youtuber e streamer italiano famoso soprattutto per il gioco Fortnite Xiuder
17%
Personaggio immaginario amante degli sport estremi e membro della CIA Xander Cage
6%
Nessun quiz corrispondente trovato
Distribuzione punteggi
Percentuale di utenti per punteggio
Percentile per numero di risposta
I tuoi punteggi nel tempo
Non hai fatto questo quiz